If I Was The Coach For Every NBA Team - Statistics

General Stats
  • This quiz has been taken 11 times
  • The average score is 73 of 150
Answer Stats
Hint Answer % Correct
SF Amen Thompson
83%
SF Andrew Wiggins
83%
PF Anthony Davis
83%
SG Anthony Edwards
83%
SF Ausar Thompson
83%
PF Bam Adebayo
83%
SF Cameron Johnson
83%
SG Coby White
83%
SG Dejounte Murray
83%
SG Derrick White
83%
SG Donovan Mitchell
83%
RocketsPG Fred Vanvleet
83%
KnicksPG Jalen Brunson
83%
C Jalen Duren
83%
SG Jalen Green
83%
PF Jalen Johnson
83%
SF Jalen Williams
83%
NuggetsPG Jamal Murray
83%
GrizzliesPG Ja Morant
83%
C Jaren Jackson Jr
83%
SF Jaylen Brown
83%
C Joel Embiid
83%
C Karl Anthony Towns
83%
PF Keegan Murray
83%
PF Keldon Johnson
83%
PF Kevin Durant
83%
SG Kyrie Irving
83%
SF Lebron James
83%
LakersPG Luka Doncic
83%
C Nikola Jokic
83%
PF Paul George
83%
C Rudy Gobert
83%
PF Scottie Barnes
83%
SG Shai Gilgeous-Alexander
83%
PF Tobias Harris
83%
WizardsPG Trae Young
83%
PF Aaron Gordon
67%
SG Austin Reaves
67%
SF Brandon Ingram
67%
PistonsPG Cade Cunningham
67%
PF Chet Holmgren
67%
SF Cooper Flagg
67%
SF DeMar DeRozan
67%
SF Devin Booker
67%
SG Duncan Robinson
67%
PF Evan Mobley
67%
PF Franz Wagner
67%
PF Giannis Antetokounmpo
67%
C Jalen Smith
67%
CavaliersPG James Harden
67%
C Jarrett Allen
67%
PF Jayson Tatum
67%
PF Jimmy Butler
67%
SF Josh Giddey
67%
SG Josh Hart
67%
SG Jrue Holiday
67%
PF Julius Randle
67%
PF Kawhi Leonard
67%
HornetsPG Lamelo Ball
67%
SF Mikal Bridges
67%
C Miles Bridges
67%
SG Nickeil Alexander-Walker
67%
C Nikola Vucevic
67%
C Paolo Banchero
67%
PF Pascal Siakam
67%
PF Rui Hachimura
67%
HeatPG Tyler Herro
67%
76ersPG Tyrese Maxey
67%
C Victor Wembanyama
67%
C Zion Williamson
67%
TrailblazersPG Damian Lillard
50%
SpursPG De'Aaron Fox
50%
C Deandre Ayton
50%
SG Derrick Jones Jr
50%
SF Desmond Bane
50%
PF Dillon Brooks
50%
C Domantas Sabonis
50%
RaptorsPG Immanuel Quickley
50%
C Isaiah Hartenstein
50%
MagicPG Jalen Suggs
50%
SF Kelly Oubre Jr
50%
PF Lauri Markkanen
50%
SG Norman Powell
50%
SG RJ Barrett
50%
KingsPG Russell Westbrook
50%
SG Stephon Castle
50%
SF Trey Murphy III
50%
PacersPG Tyrese Haliburton
50%
C Zach Edey
50%
SG Zach LaVine
50%
SF Aaron Nesmith
33%
SG Andrew Nembhard
33%
SG Brandin Podziemski
33%
PF Brandon Miller
33%
HawksPG CJ McCollum
33%
ClippersPG Darius Garland
33%
PF Deni Avdija
33%
SF Devin Vassell
33%
C Ivica Zubac
33%
SF Jaden McDaniels
33%
C Jakob Poeltl
33%
C Jerami Grant
33%
C Kel'el Ware
33%
SG Kevin Porter Jr
33%
SF Kyle Kuzma
33%
C Myles Turner
33%
C Nic Claxton
33%
PF OG Anunoby
33%
C Onyeka Okongwu
33%
CelticsPG Payton Pritchard
33%
PF Santi Aldama
33%
WarriorsPG Steph Curry
33%
SG VJ Edgecombe
33%
SF Ace Bailey
17%
ThunderPG Ajay Mitchell
17%
C Alex Sarr
17%
SG Anfernee Simons
17%
SF Bennedict Mathurin
17%
SF Cedric Coward
17%
NetsPG Egor Demin
17%
SF Jaylon Tyson
17%
PelicansPG Jeremiah Fears
17%
C John Collins
17%
JazzPG Keyonte George
17%
PF Matas Buzelis
17%
SG Peyton Watson
17%
SG Reed Sheppard
17%
BucksPG Ryan Rollins
17%
PF Saddiq Bey
17%
C Alpren Sengun
0%
SG Anthony Black
0%
TimberwolvesPG Ayo Dosunmu
0%
MavericksPG Brandon Williams
0%
SG Brice Sensabaugh
0%
C Charles Bassey
0%
SunsPG Collin Gillespie
0%
BullsPG Collin Sexton
0%
SF Jonothan Kuminga
0%
SF Kon Knuppel
0%
SF Kyshawn George
0%
C Mark Williams
0%
C Marvin Bagley III
0%
SF Micheal Porter Jr
0%
SF Moses Moodey
0%
PF Naji Marshall
0%
PF Noah Clowney
0%
SF Shaedon Sharpe
0%
SG Tre Johnson
0%
SG Ty Jerome
0%
SG Ziaire Williams
0%
No matching quizzes found
Score Distribution
Percent of People with Each Score
Percentile by Number Answered
Your Score History
You have not taken this quiz